Electronic noise and interfering signals : (Record no. 22321)
[ view plain ]
| 000 -LEADER | |
|---|---|
| fixed length control field | 01002cam a22002895a 4500 |
| 001 - CONTROL NUMBER | |
| control field | 13692446 |
| 005 - DATE AND TIME OF LATEST TRANSACTION | |
| control field | 20160907125949.0 |
| 008 - FIXED-LENGTH DATA ELEMENTS--GENERAL INFORMATION | |
| fixed length control field | 040819t2005 gw a frb 001 0 eng d |
| 020 ## - INTERNATIONAL STANDARD BOOK NUMBER | |
| International Standard Book Number | 3540407413 (alk. paper) |
| 020 ## - INTERNATIONAL STANDARD BOOK NUMBER | |
| International Standard Book Number | 9783540407416 |
| 040 ## - CATALOGING SOURCE | |
| Original cataloging agency | HKP |
| Transcribing agency | HKP |
| Modifying agency | OCLCQ |
| -- | DLC |
| -- | EG-ScBUE |
| Language of cataloging | eng |
| 041 1# - LANGUAGE CODE | |
| Language code of text/sound track or separate title | eng |
| Language code of original and/or intermediate translations of text | fre |
| 082 00 - DEWEY DECIMAL CLASSIFICATION NUMBER | |
| Classification number | 621.38224 |
| Edition number | 22 |
| Item number | VAS |
| 100 1# - MAIN ENTRY--PERSONAL NAME | |
| Personal name | Vasilescu, Gabriel. |
| 9 (RLIN) | 41052 |
| 245 10 - TITLE STATEMENT | |
| Title | Electronic noise and interfering signals : |
| Remainder of title | principles and applications / |
| Statement of responsibility, etc | Gabriel Vasilescu. |
| 260 ## - PUBLICATION, DISTRIBUTION, ETC. (IMPRINT) | |
| Place of publication, distribution, etc | Berlin : |
| Name of publisher, distributor, etc | Springer-Verlag, |
| Date of publication, distribution, etc | c.2005. |
| 300 ## - PHYSICAL DESCRIPTION | |
| Extent | xviii, 709 p. : |
| Other physical details | ill. ; |
| Dimensions | 25 cm. |
| 490 0# - Series Statement | |
| Series statement | Signals and communication technology |
| 500 ## - GENERAL NOTE | |
| General note | Index : p. [705]-709. |
| 504 ## - BIBLIOGRAPHY, ETC. NOTE | |
| Bibliography, etc | Bibliography : p. [689]-701. |
| 546 ## - LANGUAGE NOTE | |
| Language note | Text in English ; translated from original French. |
| 650 #0 - SUBJECT ADDED ENTRY--TOPICAL TERM | |
| Topical term or geographic name as entry element | Electronic noise. |
| Source of heading or term | BUEsh |
| 650 #0 - SUBJECT ADDED ENTRY--TOPICAL TERM | |
| Topical term or geographic name as entry element | Shielding (Electricity) |
| Source of heading or term | BUEsh |
| 9 (RLIN) | 12024 |
| 650 #0 - SUBJECT ADDED ENTRY--TOPICAL TERM | |
| Topical term or geographic name as entry element | Electromagnetic interference. |
| Source of heading or term | BUEsh |
| 653 ## - INDEX TERM--UNCONTROLLED | |
| Resource For college | Engineering, Electrical |
| Arrived date list | September2016 |
| 942 ## - ADDED ENTRY ELEMENTS (KOHA) | |
| Source of classification or shelving scheme | Dewey Decimal Classification |
| Withdrawn status | Item status | Source of classification or shelving scheme | Damaged status | Not for loan | Home library | Current library | Shelving location | Date acquired | Source of acquisition | Total Checkouts | Full call number | Barcode | Date last seen | Koha item type |
|---|---|---|---|---|---|---|---|---|---|---|---|---|---|---|
| Dewey Decimal Classification | Central Library | Central Library | First floor | 07/09/2016 | Purchase | 621.38224 VAS | 000033566 | 15/07/2025 | Book - Borrowing |